<?xml version="1.0" encoding="UTF-8"?>
<collection xmlns="http://www.loc.gov/MARC21/slim">
    <record>
        <controlfield tag="001">78798</controlfield>
        <controlfield tag="005">20190403184149.0</controlfield>
        <datafield tag="024" ind1="8" ind2=" ">
            <subfield code="2">sideral</subfield>
            <subfield code="a">111104</subfield>
        </datafield>
        <datafield tag="037" ind1=" " ind2=" ">
            <subfield code="a">ART-2012-111104</subfield>
        </datafield>
        <datafield tag="041" ind1=" " ind2=" ">
            <subfield code="a">spa</subfield>
        </datafield>
        <datafield tag="100" ind1=" " ind2=" ">
            <subfield code="0">(orcid)0000-0002-7516-5227</subfield>
            <subfield code="a">Galé Moyano, María José</subfield>
            <subfield code="u">Universidad de Zaragoza</subfield>
        </datafield>
        <datafield tag="245" ind1=" " ind2=" ">
            <subfield code="a">Haciendo malabares con el género: Jennifer Miller</subfield>
        </datafield>
        <datafield tag="260" ind1=" " ind2=" ">
            <subfield code="c">2012</subfield>
        </datafield>
        <datafield tag="506" ind1="0" ind2=" ">
            <subfield code="a">Access copy available to the general public</subfield>
            <subfield code="f">Unrestricted</subfield>
        </datafield>
        <datafield tag="520" ind1="3" ind2=" ">
            <subfield code="a">El devenir de nuestros cuerpos se prolonga a lo largo de todo el ciclo vital, en función de una serie de ejes de sentido que permiten leerlo, comprenderlo y hacerlo inteligible en el contexto en que se desarrolla. Estos ejes, estas categorías de sexo, género, sexualidad, nivel socioeconómico, clase, raza; se performan de un modo siempre fallido y deben una y otra vez ser reiterados en orden a lograr una adaptación progresiva a un pretendido canon normativo anterior que no es susceptible de ser representado por ningún cuerpo. Así, comprenderemos dicha repetición fallida y la consiguiente posibilidad subversiva que entraña, como un “estar en el aire”, un “hacer malabarismos”, con el doble componente de desmantelar paulatinamente la norma sin perder la posibilidad de que la vida prospere.</subfield>
        </datafield>
        <datafield tag="540" ind1=" " ind2=" ">
            <subfield code="9">info:eu-repo/semantics/openAccess</subfield>
            <subfield code="a">by-nc</subfield>
            <subfield code="u">http://creativecommons.org/licenses/by-nc/3.0/es/</subfield>
        </datafield>
        <datafield tag="655" ind1=" " ind2="4">
            <subfield code="a">info:eu-repo/semantics/article</subfield>
            <subfield code="v">info:eu-repo/semantics/acceptedVersion</subfield>
        </datafield>
        <datafield tag="710" ind1="2" ind2=" ">
            <subfield code="1">4006</subfield>
            <subfield code="2">195</subfield>
            <subfield code="a">Universidad de Zaragoza</subfield>
            <subfield code="b">Dpto. Didác.Leng.y CC.HH.y SS.</subfield>
            <subfield code="c">Área Didáctica Lengua y Liter.</subfield>
        </datafield>
        <datafield tag="773" ind1=" " ind2=" ">
            <subfield code="g">46 (2012), 369-376</subfield>
            <subfield code="p">Thémata</subfield>
            <subfield code="t">Thémata</subfield>
            <subfield code="x">0212-8365</subfield>
        </datafield>
        <datafield tag="856" ind1="4" ind2="1">
            <subfield code="u">http://institucional.us.es/revistas/themata/46/art_32.pdf</subfield>
            <subfield code="z">Texto completo de la revista</subfield>
        </datafield>
        <datafield tag="856" ind1="4" ind2=" ">
            <subfield code="s">172913</subfield>
            <subfield code="u">http://zaguan.unizar.es/record/78798/files/texto_completo.pdf</subfield>
            <subfield code="y">Postprint</subfield>
        </datafield>
        <datafield tag="856" ind1="4" ind2=" ">
            <subfield code="s">45757</subfield>
            <subfield code="u">http://zaguan.unizar.es/record/78798/files/texto_completo.jpg?subformat=icon</subfield>
            <subfield code="x">icon</subfield>
            <subfield code="y">Postprint</subfield>
        </datafield>
        <datafield tag="909" ind1="C" ind2="O">
            <subfield code="o">oai:zaguan.unizar.es:78798</subfield>
            <subfield code="p">articulos</subfield>
            <subfield code="p">driver</subfield>
        </datafield>
        <datafield tag="951" ind1=" " ind2=" ">
            <subfield code="a">2019-04-03-18:00:11</subfield>
        </datafield>
        <datafield tag="980" ind1=" " ind2=" ">
            <subfield code="a">ARTICLE</subfield>
        </datafield>
    </record>

    
</collection>